| 000 | 004760000a22001810004500 | ||
|---|---|---|---|
| 003 | MACL | ||
| 005 | 20151018161822.0 | ||
| 008 | 151018b xxu||||| |||| 00| 0 eng d | ||
| 040 |
_aMACL _cMACL |
||
| 041 | _aEnglish | ||
| 082 | _a954/CHA | ||
| 100 |
_aChadrobarty, Ashim Kumar _915941 |
||
| 245 | _aLife In Ancient Bengal Before the Rise of the Palas | ||
| 260 |
_bAshabari Publications _c2007 _aKolkata |
||
| 350 | _a175 | ||
| 650 |
_aHistory _915942 |
||
| 942 |
_cBK _k954 _2ddc |
||
| 999 |
_c1763 _d1763 |
||